000 00931nam a2200253 a 4500
001 49286
003 BD-RjUL
005 20211209054647.0
008 160820s1970 bg ||||| |||| 00| 0 ben d
020 _c: Tk. 8.00
035 _a(BD-RjUL)49405
040 _aBD-RjUL
_bben
_cBD-RjUL
041 _aben
082 _223
_a891.4408
_bVOS 1970
100 1 _aভট্টাচার্য, সুকান্ত
_9148081
245 1 0 _aসুকান্তর সমগ্র কবিতা /
250 _a১ম সং.
260 _aরাজশাহী :
_bসাবিনা জরীন,
_c১৯৭০
300 _a২২৫ পৃ. ;
_c২১ সেমি.
650 _aবাংলা সাহিত্য
_vসংগ্রহ
_9122719
650 _aBengali Literature
_vCollection
_9122720
700 _aহাফিজ,মুহাম্মদ আবদুল, সম্পাদক.
_9123892
942 _2ddc
_cBK
999 _c49286
_d49286